Cẩm nang thực hành giảng dạy
Bewaard in:
| Hoofdauteur: | |
|---|---|
| Formaat: | Boek |
| Taal: | Undetermined |
| Gepubliceerd in: |
Hà Nội
Đại học sư phạm
2005
|
| Onderwerpen: | |
| Tags: |
Voeg label toe
Geen labels, Wees de eerste die dit record labelt!
|
| Thư viện lưu trữ: | Trung tâm Học liệu Trường Đại học Cần Thơ |
|---|
| LEADER | 00609nam a2200205Ia 4500 | ||
|---|---|---|---|
| 001 | CTU_75897 | ||
| 008 | 210402s9999 xx 000 0 und d | ||
| 020 | |b 250000 | ||
| 082 | |a 370.7 | ||
| 082 | |b C678 | ||
| 100 | |a Cohen, Louis | ||
| 245 | 0 | |a Cẩm nang thực hành giảng dạy | |
| 245 | 0 | |c Louis Cohen, Lawrence Manion, Keith Morrison; Nguyễn Trọng Tuấn dịch | |
| 260 | |a Hà Nội | ||
| 260 | |b Đại học sư phạm | ||
| 260 | |c 2005 | ||
| 650 | |a Education | ||
| 650 | |x Research | ||
| 904 | |i Tuyến,Hải | ||
| 980 | |a Trung tâm Học liệu Trường Đại học Cần Thơ | ||